| 000 | 00697cam a2200205 4500 | ||
|---|---|---|---|
| 001 | WB3610-40 | ||
| 008 | 000000n2000 000 0 eng u | ||
| 035 | _a(Sirsi) u104714 | ||
| 245 | 2 | _aA profession on trial | |
| 260 | _c2000 | ||
| 490 |
_aEstates Gazette _v(0009) 4 March 2000, 179(1) |
||
| 520 | _aDiscusses the case "Izzard v Field Palmer", which concerned the necessity of surveyors keeping their professional knowledge up to date: a failure to do so equals negligence. | ||
| 590 | _aWB | ||
| 650 | _aNEGLIGENCE | ||
| 650 | _aIZZARD V FIELD PALMER | ||
| 650 | _aPROFESSIONAL KNOWLEDGE | ||
| 650 | _aMORTGAGE VALUATION | ||
| 690 | _aPROFESSIONAL PRACTICE-NEGLIGENCE | ||
| 942 | _n0 | ||
| 999 |
_c62818 _d62818 |
||